From the pages of the Hindu Mahatma Gandhi : (Record no. 144042)

MARC details
000 -LEADER
fixed length control field 00573nam a22001937a 4500
005 - DATE AND TIME OF LATEST TRANSACTION
control field 20170905140642.0
010 ## - LCCN (DPL NO)
LC control number ENG-120225
020 ## - INTERNATIONAL STANDARD BOOK NUMBER
Terms of availability 350.00
035 ## - SYSTEM CONTROL NUMBER
System control number EN-103757
037 ## - SOURCE OF ACQUISITION
Source of stock number/acquisition DBAD/PUB
082 ## - DEWEY DECIMAL CLASSIFICATION NUMBER
Classification number 301.153
100 ## - MAIN ENTRY--PERSONAL NAME
Personal name Ramamurthy,V.
245 ## - TITLE STATEMENT
Title From the pages of the Hindu Mahatma Gandhi :
Statement of responsibility, etc by V. Ramamurthy
Remainder of title the last 200 days /
260 ## - PUBLICATION, DISTRIBUTION, ETC. (IMPRINT)
Place of publication, distribution, etc Chennai
Name of publisher, distributor, etc Kasturi & Sons
Date of publication, distribution, etc 2017
270 ## - ADDRESS
Address 859-860,Anna Salai
City Chennai
Postal code 600002
300 ## - PHYSICAL DESCRIPTION
Extent xviii,530p.
Dimensions 24cm.(pbk)
500 ## - GENERAL NOTE
General note Includes index
942 ## - ADDED ENTRY ELEMENTS (KOHA)
Source of classification or shelving scheme Dewey Decimal Classification
Item type English Books
Classification part 301.153
Call number suffix RAM
Holdings
Withdrawn status Lost status Not for loan Collection code Home library Current library Date acquired Source of acquisition Cost, normal purchase price Full call number Barcode Copy number Cost, replacement price Koha item type
      Non-fiction Central Library Central Library 05/09/2017 DBAD/PUB 350.00 301.153 RAM EN-103757 1 350.00 English Books

© Delhi Public Library
Hit Counter
free hit counter